Statistics for Countries of the World Quiz - Alternative Version

Click here to take the quiz!

General Stats

  • This quiz has been taken 328 times
  • The average score is 8 of 196

Answers on the Map

Answers color-coded by a green-red scale on the quiz's map according to % correct below.
 

Answer Stats

Country% Correct
Macedonia
97%
North Macedonia
47%
East Macedonia
33%
West Macedonia
32%
South Macedonia
31%
North East Macedonia
24%
North West Macedonia
23%
North North Macedonia
19%
North North North Macedonia
16%
South East Macedonia
15%
South West Macedonia
15%
East East Macedonia
13%
South South Macedonia
13%
West West Macedonia
12%
North North North North Macedonia
11%
North North North North North Macedonia
11%
South South South Macedonia
11%
East East East Macedonia
10%
North North East Macedonia
9%
North North North North North North Macedonia
9%
North North West Macedonia
9%
South South South South Macedonia
9%
West West West Macedonia
9%
East East East East East Macedonia
8%
South South South South South Macedonia
8%
East East East East Macedonia
7%
North North North East Macedonia
7%
North West West Macedonia
7%
South South South South South South Macedonia
7%
South South South South South South South Macedonia
7%
South South South South South South South South Macedonia
7%
West West West West Macedonia
7%
West West West West West Macedonia
7%
North East East Macedonia
6%
North North North North North North North Macedonia
6%
North North North North North North North North Macedonia
6%
North North North North East Macedonia
5%
North North North North North East Macedonia
5%
North North North West Macedonia
5%
South South East Macedonia
5%
East East East East East East East East East Macedonia
4%
North North North North North North North North North Macedonia
4%
North North North North West Macedonia
4%
North North North West West West Macedonia
4%
North North West West Macedonia
4%
South East East Macedonia
4%
South West West Macedonia
4%
North East East East East East Macedonia
3%
North East East East East Macedonia
3%
North North North North North West Macedonia
3%
North North North West West Macedonia
3%
North North West West West Macedonia
3%
West West West West West West West West West Macedonia
3%
East East East East East East East East East East East Macedonia
2%
East East East East East East East East East East Macedonia
2%
North North North North North West West Macedonia
2%
North North North North North West West West Macedonia
2%
North North North North West West Macedonia
2%
North North North West West West West Macedonia
2%
North West West West West Macedonia
2%
North West West West West West Macedonia
2%
South East East East East East Macedonia
2%
South East East East Macedonia
2%
South South South South East Macedonia
2%
South South South South South South South South East Macedonia
2%
South South South South South West Macedonia
2%
South South South West Macedonia
2%
South West West West West West West West West West Macedonia
2%
East East East East East East East East East East East East Macedonia
1%
North East East East East East East East East East Macedonia
1%
North North East East East East East Macedonia
1%
North North East East East East Macedonia
1%
North North North North East East Macedonia
1%
North North North North North North North North North West Macedonia
1%
North North North North North North North North North West West Macedonia
1%
North North North North North North North North North West West West West West West Macedonia
1%
North North North North North North West Macedonia
1%
North North North North North West West West West Macedonia
1%
North North North West West West West West West West West West Macedonia
1%
North West West West West West West Macedonia
1%
South East East East East East East East East East East East Macedonia
1%
South East East East East East East East Macedonia
1%
South East East East East East East Macedonia
1%
South East East East East Macedonia
1%
South South East East East East Macedonia
1%
South South East East East Macedonia
1%
South South East East Macedonia
1%
South South South East East East Macedonia
1%
South South South East East Macedonia
1%
South South South East Macedonia
1%
South South South South South East East Macedonia
1%
South South South South South East Macedonia
1%
South South South South South South East East East Macedonia
1%
South South South South South South East East Macedonia
1%
South South South South South South East Macedonia
1%
South South South South South South South East East East East East East East East East East East East East Macedonia
1%
South South South South South South South East East Macedonia
1%
South South South South South South South South East East East East East East East East East East East East East East Macedonia
1%
South South South South South South South South East East East East East Macedonia
1%
South South South South South South South South East East East East Macedonia
1%
South South South South South South South South East East East Macedonia
1%
South South South South South South South South East East Macedonia
1%
South South South South South South South West Macedonia
1%
South South South South South South West Macedonia
1%
South South South South South South West West West West West West West West West Macedonia
1%
South South South South South West West Macedonia
1%
South South South South South West West West West Macedonia
1%
South South South South South West West West West West Macedonia
1%
South South South South South West West West West West West Macedonia
1%
South South South South South West West West West West West West Macedonia
1%
South South South South South West West West West West West West West West Macedonia
1%
South South South South West Macedonia
1%
South South South South West West West Macedonia
1%
South South South South West West West West Macedonia
1%
South South South South West West West West West Macedonia
1%
South South South South West West West West West West West West West Macedonia
1%
South South South West West Macedonia
1%
South South South West West West Macedonia
1%
South South South West West West West Macedonia
1%
South South South West West West West West Macedonia
1%
South South South West West West West West West Macedonia
1%
South South South West West West West West West West Macedonia
1%
South South South West West West West West West West West Macedonia
1%
South South South West West West West West West West West West Macedonia
1%
South South West West West Macedonia
1%
South South West West West West West West West Macedonia
1%
South South West West West West West West West West West Macedonia
1%
South West West West West Macedonia
1%
South West West West West West West West West West West Macedonia
1%
North North North North East East East East Macedonia
0%
South South East East East East East East East East East East East East Macedonia
0%
South South East East East East East East East East East East Macedonia
0%
South South East East East East East East East East East Macedonia
0%
South South East East East East East East East East Macedonia
0%
South South East East East East East East East Macedonia
0%
South South East East East East East Macedonia
0%
South South South East East East East East East East East East East East East East East East Macedonia
0%
South South South East East East East East East East East East East East East East East Macedonia
0%
South South South East East East East East East East East East East East East East Macedonia
0%
South South South East East East East East East East East East East East East Macedonia
0%
South South South East East East East East East East East East East East Macedonia
0%
South South South East East East East East East East East East East Macedonia
0%
South South South East East East East East East East East East Macedonia
0%
South South South East East East East East East East Macedonia
0%
South South South East East East East Macedonia
0%
South South South South East East East East East East East East East East East East East East East East Macedonia
0%
South South South South East East East East East East East East East East East East East East East Macedonia
0%
South South South South East East East East East East East East East East East Macedonia
0%
South South South South East East East East East East Macedonia
0%
South South South South East East East East Macedonia
0%
South South South South East East East Macedonia
0%
South South South South East East Macedonia
0%
South South South South South East East East East East East East East East East East East East East East Macedonia
0%
South South South South South East East East East East East East East East East East East East East Macedonia
0%
South South South South South East East East East East East East East East East East East East Macedonia
0%
South South South South South East East East East East East East East East East East East Macedonia
0%
South South South South South East East East Macedonia
0%
South South South South South South East East East East East East East East East East East East East East East East Macedonia
0%
South South South South South South East East East East East East East East East East East East East East East Macedonia
0%
South South South South South South East East East East East East East East East East East East East East Macedonia
0%
South South South South South South East East East East East East East East East East East East Macedonia
0%
South South South South South South South East East East East East East East East East East East East East East East Macedonia
0%
South South South South South South West West West West West West West West Macedonia
0%
South South South South South South West West West West West West West West West West Macedonia
0%
South South South South South South West West West West West West West West West West West Macedonia
0%
South South South South South West West West West West West West West West West Macedonia
0%
South South South South West West Macedonia
0%
South South South South West West West West West West Macedonia
0%
South South South South West West West West West West West Macedonia
0%
South South South South West West West West West West West West Macedonia
0%
South South South South West West West West West West West West West West Macedonia
0%
South South South South West West West West West West West West West West West Macedonia
0%
South South South South West West West West West West West West West West West West Macedonia
0%
South South South West West West West West West West West West West West Macedonia
0%
South South South West West West West West West West West West West West West Macedonia
0%
South South West West West West West West West West Macedonia
0%
South South West West West West West West West West West West Macedonia
0%
South South West West West West West West West West West West West Macedonia
0%
South South West West West West West West West West West West West West Macedonia
0%
South South West West West West West West West West West West West West West Macedonia
0%

Score Distribution

Percentile by Number Answered

Percent of People with Each Score

Your Score History

You have not taken this quiz